000 01677nam0a22003371 4500
001 rc\3226263
005 20250609192927.0
021 _aRU
_b[73-38165]
035 _a(NLR Aleph) 007469366
090 _a7399983
_c7399983
100 _a20130115d1973 |||y0rusy50 ca
101 0 _arus
102 _aRU
105 _aag z |||||
200 1 _aНародные песни в обработке П.И. Чайковского
_fРед., предисл. и коммент. Б.И. Рабиновича
210 _aМосква
_cМузыка
_d1973
215 _a139 с.
_cнот. ил.
_d21
320 _aУказ. источников песен, обраб. Чайковским в сборнике "50 песен". Последующие обраб. тех же песен и указ. источников для обраб. в "Дет. песнях" М. Мамонтовой: с. 134-138
320 _aСписок лит.: с. 133
532 1 0 _aНародные песни в обработке Петра Ильича Чайковского
606 _aПесня русская, народная
_xОбработка
_2psbo
606 _aРусская музыка
_z19 в.
_2psbo
700 1 _aЕвсеев
_bС.В.
_f1894-
_gСергей Васильевич
702 1 _4340
_4080
_4212
_7ca
_8rus
_aРабинович
_bБ. И.
_cмузыковед, фольклорист
_f1930-
_gБолеслав Исаакович
_9217950
_3RU\NLR\AUTH\770218006
702 1 _aЧайковский
_bП.И.
_f1840-1893
_gПетр Ильич
_4570
801 0 _aRU
_bNLR
_gpsbo
801 1 _aRU
_bELAR
_2rusmarc
852 _aNLR
_j73-5/1673
942 _cBOOK
980 _aNB